000
00297nam a22001337a 4500
020
_a
13 978-8187433231
041
_a
ENG
100
_a
Nakra .C.P
245
_a
Farm Machines And Equipment
260
_a
Delhi
_b
Dhanpat Rai PUBlishing .Co.
_c
1990
300
_a
512
650
_a
FMP
856
_u
FMP
999
_c
438
_d
438